000 00674cam a22002174a 4500
999 _c1165
_d1165
001 15338
003 BD-DhUAP
005 20210119135755.0
008 200203s1999 enk b 001 0 eng
020 _a8176480665
040 _aBD-DhUAP
_cBD-DhUAP
_dBD-DhUAP
_bEng
082 0 4 _a344.05 VAD
_223
100 _aVadackumchery, James.
245 _aIndian police and equal justice under law /
_cJames Vadackumchery.
260 _aNew Delhi :
_bA.P.H. Pub.,
_cc1999.
300 _axvii, 177 pages ;
_c23 cm.
504 _aIncludes bibliographical references and index.
650 _aPolice
_zIndia
650 _aCriminal justice, Administration of -- India.
942 _2ddc
_cBK